书目信息 |
| 题名: |
精进PPT
|
|
| 作者: | 李状训 编著 | |
| 分册: | ||
| 出版信息: | 北京 北京大学出版社 2017.09 |
|
| 页数: | 12, 350页 | |
| 开本: | 26cm | |
| 丛书名: | ||
| 单 册: | ||
| 中图分类: | TP319.412 | |
| 科图分类: | ||
| 主题词: | 图形软件--tu xing ruan jian | |
| 电子资源: | ||
| ISBN: | 978-7-301-28574-9 | |
| 000 | 01284nam0 2200265 450 | |
| 001 | CAL 012017129987 | |
| 005 | 20170913191039.7 | |
| 010 | @a978-7-301-28574-9@dCNY 89.00 | |
| 010 | @a978-7-89441-193-8@b光盘 | |
| 099 | @aCAL 012017129987 | |
| 100 | @a20170913d2017 em y0chiy50 ea | |
| 101 | 0 | @achi |
| 102 | @aCN@b110000 | |
| 105 | @aa z 000yy | |
| 200 | 1 | @a精进PPT@Ajing jin PPT@ePPT设计思维、技术与实践@f李状训编著 |
| 210 | @a北京@c北京大学出版社@d2017.09 | |
| 215 | @a12, 350页@c图@d26cm@e光盘1片 | |
| 330 | @a本书打破常规, 从各行各业的读者学习、制作PPT过程中真实的“痛点”出发, 即以实际应用需求为标准, 既不过多着墨于基础操作方法, 也摒弃那些不实用的高端“炫技”, 重点阐述如何用PPT做出好作品和如何用PPT解决工作、学习、生活中的实际问题。全书共14章, 分思维、技术、实践3 篇, 由PPT想法、意识的探讨, 到针对性方法、技巧、资源的梳理, 再到各种不同类型PPT做法的直接提供, 图文并茂。该书沉淀着笔者过去制作PPT过程中累积的诸多经验, 希望能切切实实地帮助读者提升PPT技能, 解决实际问题。 | |
| 517 | 1 | @aPPT设计思维、技术与实践@APPT she ji si wei 、 ji shu yu shi jian |
| 606 | 0 | @a图形软件@Atu xing ruan jian |
| 690 | @aTP319.412@v5 | |
| 701 | 0 | @a李状训@Ali zhuang xun@4编著 |
| 801 | 0 | @aCN@b人天书店@c20170913 |
| 905 | @aBZT@dTP319.412@e1 | |
| 906 | @dCNY89.00 (含光盘@n3@r1 | |
| 精进PPT:PPT设计思维、技术与实践/李状训编著.-北京:北京大学出版社,2017.09 |
| 12, 350页:图;26cm+光盘1片 |
| ISBN 978-7-301-28574-9:CNY 89.00 |
| 本书打破常规, 从各行各业的读者学习、制作PPT过程中真实的“痛点”出发, 即以实际应用需求为标准, 既不过多着墨于基础操作方法, 也摒弃那些不实用的高端“炫技”, 重点阐述如何用PPT做出好作品和如何用PPT解决工作、学习、生活中的实际问题。全书共14章, 分思维、技术、实践3 篇, 由PPT想法、意识的探讨, 到针对性方法、技巧、资源的梳理, 再到各种不同类型PPT做法的直接提供, 图文并茂。该书沉淀着笔者过去制作PPT过程中累积的诸多经验, 希望能切切实实地帮助读者提升PPT技能, 解决实际问题。 |
| ● |
| 相关链接 |
|
|
|
正题名:精进PPT
索取号:TP319.412/1
 
预约/预借
| 序号 | 登录号 | 条形码 | 馆藏地/架位号 | 状态 | 备注 |
| 1 | 847855 | 2000847855 | 第二书库/ [索取号:TP319.412/1] | 在馆 | |
| 2 | 847856 | 2000847856 | 第二书库/ [索取号:TP319.412/1] | 在馆 |